Countries and Capitals Containing 'sh' - Statistics

General Stats
  • This quiz has been taken 141 times
  • The average score is 6 of 9
Answer Stats
Hint Answer % Correct
Asia Bangladesh
77%
Asia Ashgabat
74%
Asia Tashkent
73%
Asia Bishkek
68%
Asia Dushanbe
66%
Americas Washington D.C.
66%
Oceania Marshall Islands
60%
Africa Mogadishu
57%
Africa Kinshasa
54%
No matching quizzes found
Score Distribution
Percent of People with Each Score
Percentile by Number Answered
Your Score History
You have not taken this quiz